Editorial Universidad de Rosario (Colombia)

Detalles Bibliográficos
Formato: Libro
Lenguaje:español
Publicado: Colombia Editorial Universidad de Rosario (Colombia) 2012
Materias:
Acceso en línea:Acceso restringido

MARC

LEADER 00000nam a22000007a 4500
005 20151022130255.0
007 cr|||| ||u|
008 151022s2012 ck ||||| |||| 00||0 spa d
020 |a 958-8225-77-9 
035 |a 12906 
040 |a vLex  
090 |c 5617  |d 5617 
245 |a Editorial Universidad de Rosario (Colombia)  |h [Recurso electrn̤ico] / 
256 |a Servicio en ln̕ea  
260 |a Colombia   |b Editorial Universidad de Rosario (Colombia)  |c 2012 
300 |a 1 recurso electrn̤ico (—2a ed.— 512 p.) (Colección Textos de Jurisprudencia) 
506 1 |a Contenido solo disponible en los productos indicados  |d vLex Global  |d vLex Global (Academic Edition, excluding Law Schools)  |d vLex Global (U.S. Academic Edition, Law Schools)  |d vLex Global (U.S. Academic Edition, excluding Law Schools)  |d vLex Global (Academic Edition, Law Schools) 
650 0 4 |a Responsabilidad civil  |z Colombia  
740 0 |a vLex libros (servicio en ln̕ea) 
856 4 0 |u http://vlex.com/source/seguro-responsabilidad-12906  |z Acceso restringido 
942 |c BOOK 
999 0 |a  Liability (Law)